| 000 | 00682nam a2200229Ia 4500 | ||
|---|---|---|---|
| 003 | OSt | ||
| 005 | 20260128165127.0 | ||
| 008 | 210716s2010 xx 000 0 und d | ||
| 020 | _a9780070611146 | ||
| 040 | _cAIMIT LIBRARY | ||
| 041 | _aeng | ||
| 082 |
_a658.3154 _bLEWR |
||
| 100 |
_aLewicki, Roy J. _9253019 |
||
| 245 |
_aNegotiation / _cBy Roy J Lewicki ; David M Saunders ; Bruce Barry. |
||
| 250 | _a5th ed. | ||
| 260 |
_aNew Delhi : _bTata McGraw Hill Publishing Company Ltd , _c2010. |
||
| 300 |
_axix,597p. ; _bPB _c24cm |
||
| 650 |
_aStrategy and Planning. _9253020 |
||
| 700 |
_aSaunders, David M. _9253021 |
||
| 700 |
_a Barry, Bruce. _9253022 |
||
| 942 |
_2ddc _cBK |
||
| 999 |
_c188183 _d188183 |
||